000 01264naa a22003497a 4500
001 BR7405615
003 BR-BrBNA
005 20240918173639.0
007 ta
008 230509b bl.||||| |||| 00| 0 por d
040 _aBR-BrBNA
_bpor
_cBiblioteca Nacional de Agricultura
041 _a(Pt)
072 _aE10; E70
_b9533
_b9590
_b0430
_b0333
_b3575
_bG514
090 _aE10 BR7405615
100 1 _aJunqueira, A.M.
111 1 _aConferencia Nacional Algodoeira
_cSao Paulo, SP (Brazil)
_d23 Apr 1935
245 1 _aO oleo de algodao seccativo como succedaneo do oleo de linhaca [Gossypium spp; Linum usitatissimum; Importacao; Industria agricola; Brasil]
260 3 _aSao Paulo, SP (Brasil):
_c1935.
500 _aAnnaes da Conferencia Nacional Algodoeira Sao Paulo, SP (Brasil): 1935. v. 3 p. 77-82 (BR7405615-AM)E10
650 _aMacroeconomia
650 _aComercializacao
650 _aOleo vegetal
650 _aAlgodao
650 _aLinhaca
650 _aSemente
650 _aIndustria agricola
650 _aPolitica industrial
650 _aImportacao
773 0 _tAnnaes da Conferencia Nacional Algodoeira
_wE10 BR7405615
_gSao Paulo, SP (Brasil), 1935. v. 3 p. 77-82
909 _a202404
_bLucia
_c55
_dLucia Elande
942 _cAM
_2AGRIS
999 _c305950
_d305950